| LEADER | 00685nam a2200205 a 4500 | ||
|---|---|---|---|
| 001 | GR-MES5208 | ||
| 008 | 991111s1990 nyu 000 b eng d | ||
| 020 | |a 047151618X | ||
| 040 | |a GrPaTEI |b gre |c GR-PaULI | ||
| 245 | 0 | 0 | |a Test bank to accompany economics. |
| 250 | |a 4th | ||
| 260 | |a New York : |b Wiley, |c 1990 | ||
| 300 | |a 520σ. | ||
| 650 | 0 | |a OIKONOMIA | |
| 700 | 1 | |a Wonnacott, P. | |
| 700 | 1 | |a Wonnacott, R. | |
| 942 | |2 ddc | ||
| 952 | |0 0 |1 0 |2 ddc |4 0 |6 330_000000000000000_WON |7 0 |9 275777 |a MSLG |b MSLG |c BSC |d 2021-01-17 |e 24 |f 0 |g 0.00 |l 0 |o 330 WON |p 2420000014741 |r 2021-01-17 00:00:00 |t 1 |w 2021-01-17 |y BK15 |x 19991111 0 1 |x GrPaTEI | ||
| 971 | |a .b25836754 |b 15-04-20 |c 14-09-16 | ||
| 999 | |c 159837 |d 159837 | ||